00231nam a2200085Ia 4500008004100000100002600041245002400067260004500091260000900136170620s9999 xx 000 0 und d aReddy- R. Jayaprakash 0aMethods of Teaching bNew Delhi- A.P.H. Publishing corporation c2007